| 000 | 00482nam a2200205Ia 4500 | ||
|---|---|---|---|
| 008 | 170918s9999 xx 000 0 und d | ||
| 020 | _a9780439876476 | ||
| 050 | _bB344 2007 | ||
| 100 | _aBauer, Jeff | ||
| 245 | _aCool penguins / | ||
| 245 | _cJeff Bauer. | ||
| 260 | _aNew York : | ||
| 260 | _bScholastic, | ||
| 260 | _c2007 | ||
| 300 | _a24 pages : | ||
| 300 | _bcolored illustration ; | ||
| 300 | _c23cm. | ||
| 440 | _aScience vocabulary readers. | ||
| 500 | _a610 | ||
| 999 |
_c341795 _d341795 |
||